Welcome to CU Library Online Public Access Catalogue (OPAC)

Negotiation: (Record no. 913)

MARC details
000 -LEADER
fixed length control field 00618nam a22002057a 4500
005 - DATE AND TIME OF LATEST TRANSACTION
control field 20241108163146.0
008 - FIXED-LENGTH DATA ELEMENTS--GENERAL INFORMATION
fixed length control field 241108b |||||||| |||| 00| 0 eng d
020 ## - INTERNATIONAL STANDARD BOOK NUMBER
International Standard Book Number 9780071267748
050 ## - LIBRARY OF CONGRESS CALL NUMBER
Classification number HD58.6
Item number .N45 LEW
100 ## - MAIN ENTRY--PERSONAL NAME
Personal name Lewicki Roy J.
245 ## - TITLE STATEMENT
Title Negotiation:
Remainder of title Readings, Exercises and Cases/
Statement of responsibility, etc. Roy J. Lewicki, David M. Saunders & Bruce Barry
250 ## - EDITION STATEMENT
Edition statement 6th Ed.
260 ## - PUBLICATION, DISTRIBUTION, ETC.
Place of publication, distribution, etc. Boston;
Name of publisher, distributor, etc. McGraw-Hill;
Date of publication, distribution, etc. 2010;
300 ## - PHYSICAL DESCRIPTION
Extent x. 708p.;
Other physical details ill.;
Dimensions 23.5 cm x 18.5 cm
500 ## - GENERAL NOTE
General note Includes Indexes
650 ## - SUBJECT ADDED ENTRY--TOPICAL TERM
Source of heading or term Negotiation
700 ## - ADDED ENTRY--PERSONAL NAME
Personal name Saunders David M.
700 ## - ADDED ENTRY--PERSONAL NAME
Personal name Barry Bruce
942 ## - ADDED ENTRY ELEMENTS (KOHA)
Source of classification or shelving scheme Library of Congress Classification
Koha item type Books
Edition 6th Ed.
Suppress in OPAC No
999 ## -
-- 913
-- 913
Holdings
Withdrawn status Lost status Source of classification or shelving scheme Damaged status Not for loan Collection Home library Current library Shelving location Date acquired Total checkouts Full call number Barcode Date last seen Copy number Price effective from Koha item type
    Library of Congress Classification     Non-fiction Business Library (Miotso) Business Library (Miotso) General stacks 11/08/2024   HD58.6 .N45 LEW BSSM00000223 11/08/2024 1 11/08/2024 Books
    Library of Congress Classification     Non-fiction Business Library (Miotso) Business Library (Miotso) General stacks 11/08/2024   HD58.6 .N45 LEW BSSM00000224 11/08/2024 2 11/08/2024 Books
    Library of Congress Classification     Non-fiction Business Library (Miotso) Business Library (Miotso) General stacks 11/08/2024   HD58.6 .N45 LEW BSSM00000225 11/08/2024 3 11/08/2024 Books
    Library of Congress Classification     Non-fiction Business Library (Miotso) Business Library (Miotso) General stacks 11/08/2024   HD58.6 .N45 LEW BSSM00000226 11/08/2024 4 11/08/2024 Books
    Library of Congress Classification     Non-fiction Business Library (Miotso) Business Library (Miotso) General stacks 11/08/2024   HD58.6 .N45 LEW BSSM00000227 11/08/2024 5 11/08/2024 Books
    Library of Congress Classification     Non-fiction Graduate Library (Christ Temple) Graduate Library (Christ Temple) General stacks 05/26/2025   HD 58.6 N 45 LEW GSCT00001314 05/26/2025 1 05/26/2025 Books
    Library of Congress Classification     Non-fiction Graduate Library (Christ Temple) Graduate Library (Christ Temple) General stacks 05/26/2025   HD 58.6 N 45 LEW GSCT00001315 05/26/2025 2 05/26/2025 Books
    Library of Congress Classification     Non-fiction Graduate Library (Christ Temple) Graduate Library (Christ Temple) General stacks 05/26/2025   HD 58.6 N 45 LEW GSCT00001316 05/26/2025 3 05/26/2025 Books
    Library of Congress Classification     Non-fiction Graduate Library (Christ Temple) Graduate Library (Christ Temple) General stacks 05/26/2025   HD 58.6 N 45 LEW GSCT00001317 05/26/2025 4 05/26/2025 Books
    Library of Congress Classification     Non-fiction Undergraduate Library (Christ Temple) Undergraduate Library (Christ Temple) General stacks 03/10/2025   HD58.6.L487 LEW ulct00001608 03/10/2025 1 03/10/2025 Books
    Library of Congress Classification     Non-fiction Undergraduate Library (Christ Temple) Undergraduate Library (Christ Temple) General stacks 03/10/2025   HD58.6.L487 LEW ulct00001609 03/10/2025 2 03/10/2025 Books
    Library of Congress Classification     Non-fiction Undergraduate Library (Christ Temple) Undergraduate Library (Christ Temple) General stacks 03/10/2025   HD58.6.L487 LEW ulct00001610 03/10/2025 3 03/10/2025 Books
    Library of Congress Classification     Non-fiction Undergraduate Library (Christ Temple) Undergraduate Library (Christ Temple) General stacks 03/10/2025   HD58.6.L487 LEW ulct00001611 03/10/2025 4 03/10/2025 Books
© 2023-2024 Copyright: Central University Libraries. All Rights Reserved | Created by: Mahone Tech Office